000 00267nam a22001217a 4500
008 170622b xxu||||| |||| 00| 0 eng d
041 _aeng
080 _a328
100 _a21
101 _aSHP
245 _aTWO TEATRISES OF GOVERNMENT
_cLOCKE.J
942 _2udc
_cBK
999 _c18721
_d18721